Music Quiz

Random Music Quiz

Mumford and Sons' 'The Cave' Quiz Stats

 Plays Quiz not verified by Sporcle

Also try: Opening Lyrics VII
Challenge
Share
Tweet
Embed
Score 0/299 Timer 11:00
1 Play Today
Lyrics % Correct
a
99.4%
the
98.8%
The
98.8%
you
98.8%
the
98.8%
and
98.8%
the
98.8%
The
98.8%
you
98.8%
You
98.8%
you
98.8%
you
98.8%
the
98.8%
the
98.8%
And
98.8%
you
98.8%
the
98.8%
And
98.8%
And
98.8%
You
98.8%
and
98.8%
the
98.8%
and
98.8%
and
98.8%
and
98.8%
and
98.8%
you
98.8%
the
98.8%
And
98.8%
And
98.8%
And
98.8%
the
98.8%
You
98.8%
you
98.8%
the
98.8%
and
98.8%
you
98.8%
you
98.8%
And
98.8%
And
98.8%
And
98.8%
you
98.8%
the
98.8%
And
98.8%
And
98.8%
your
97.6%
no
97.6%
your
97.6%
your
97.6%
your
97.6%
your
97.6%
your
97.6%
your
97.6%
your
97.6%
it
97%
in
96.4%
in
96.4%
in
96.4%
in
96.4%
in
96.4%
on
95.8%
on
95.8%
on
95.8%
on
95.8%
on
95.8%
on
95.8%
on
95.8%
to
95.2%
see.
95.2%
I
95.2%
I
95.2%
I
95.2%
will
95.2%
I
95.2%
I
95.2%
will
95.2%
I
95.2%
to
95.2%
will
95.2%
to
95.2%
I
95.2%
see
95.2%
I
95.2%
I
95.2%
will
95.2%
I
95.2%
I
95.2%
will
95.2%
see
95.2%
I
95.2%
will
95.2%
to
95.2%
I
95.2%
I
95.2%
to
95.2%
to
95.2%
to
95.2%
I
95.2%
will
95.2%
I
95.2%
Lyrics % Correct
I
95.2%
I
95.2%
will
95.2%
It's
94.6%
of
94.6%
it's
94.6%
me
94.6%
me
94.6%
can
94.6%
it's
94.6%
of
94.6%
can
94.6%
it's
94.6%
it's
94.6%
as
94%
for
94%
as
94%
as
94%
as
94%
as
94%
heart.
93.5%
walk
93.5%
be.
93.5%
let
92.9%
let
92.9%
let
92.9%
let
92.9%
left
92.3%
left
92.3%
my
92.3%
my
92.3%
my
92.3%
my
92.3%
my
92.3%
my
92.3%
my
92.3%
my
92.3%
my
92.3%
my
92.3%
my
92.3%
hear
92.3%
my
92.3%
my
92.3%
my
92.3%
know
91.7%
hold
91.7%
know
91.7%
know
91.7%
hold
91.7%
know
91.7%
know
91.7%
know
91.7%
hold
91.7%
know
91.7%
empty
91.1%
valley
91.1%
sun
91.1%
all
91.1%
all
91.1%
eat.
91.1%
all
91.1%
rises
90.5%
slowly
90.5%
meat
90.5%
won't
90.5%
neck.
90.5%
So
90.5%
won't
90.5%
neck.
90.5%
So
90.5%
So
90.5%
won't
90.5%
neck.
90.5%
behind.
89.9%
food
89.9%
have
89.9%
hope.
89.9%
have
89.9%
hope
89.9%
have
89.9%
hope.
89.9%
choke
89.3%
around
89.3%
choke
89.3%
around
89.3%
choke
89.3%
around
89.3%
from
88.7%
away
88.1%
cannibal
88.1%
eater
87.5%
I'll
86.9%
I'll
86.9%
I'll
86.9%
I'll
86.9%
I'll
86.9%
I'll
86.9%
I'll
86.9%
noose
86.3%
noose
86.3%
Lyrics % Correct
noose
86.3%
you've
85.1%
name
85.1%
call
85.1%
name
85.1%
call
85.1%
name
85.1%
fears
84.5%
fears.
84.5%
pain.
83.9%
pain.
83.9%
pain.
83.9%
harvest
83.3%
what
83.3%
cave
83.3%
what
83.3%
again.
82.7%
again.
82.7%
again.
82.7%
defeat.
81.5%
called
81.5%
called
81.5%
called
81.5%
at
81%
But
80.4%
But
80.4%
But
80.4%
strength
78.6%
Now
78.6%
strength
78.6%
come
78.6%
hands.
78.6%
now.
78.6%
strength
78.6%
faults
78%
find
78%
is
78%
faults
78%
find
78%
out
78%
not
78%
find
78%
change
77.4%
take
77.4%
take
77.4%
change
77.4%
change
77.4%
ways.
76.8%
mine.
76.8%
ways.
76.8%
walking
76.8%
hand.
76.8%
ways.
76.8%
shame
76.2%
your's
76.2%
seen
75.6%
down.
75%
world
73.8%
upside
73.2%
time.
72.6%
make
72.6%
Cause
72%
mind.
72%
Cause
72%
tie
71.4%
meant
70.8%
things
69.6%
say.
69.6%
truth
69%
post
68.5%
how
68.5%
life
68.5%
same
67.9%
hanging
67.9%
want.
67.9%
other
67.3%
ears.
66.7%
live
66.7%
fill
66.1%
when
66.1%
need
66.1%
need
66.1%
broken
65.5%
freedom
65.5%
tears.
64.9%
siren's
64.9%
growing
64.3%
understand
63.7%
despite
63.1%
despite
63.1%
maker's
62.5%
through
61.9%
sing
61.9%
which
60.7%
block
57.7%
refresh
56.5%
orphans
54.2%
dependence
53.6%
widows
45.8%

You're not logged in!

Compare scores with friends on all Sporcle quizzes.
OR
Log In

You Might Also Like...

Show Comments

Extras

Created Sep 1, 2016ReportNominate
Tags:cave, son

Top Quizzes Today


Score Distribution

Your Account Isn't Verified!

In order to create a playlist on Sporcle, you need to verify the email address you used during registration. Go to your Sporcle Settings to finish the process.

Report this User

Report this user for behavior that violates our Community Guidelines.

Details: